Guess the Country by Every Other Letter Missing #7 - Statistics

General Stats
  • This quiz has been taken 33 times
  • The average score is 22 of 25
Answer Stats
Country % Correct
Blva Bolivia
100%
Cp Vre Cape Verde
100%
Jmia Jamaica
100%
Mrco Morocco
100%
Rmna Romania
100%
Si Lna Sri Lanka
100%
Uuuy Uruguay
100%
Vtcn Ct Vatican City
100%
Lbnn Lebanon
97%
Qtr Qatar
97%
Es Tmr East Timor
93%
Gaa Ghana
93%
Hnay Hungary
93%
Sui Aai Saudi Arabia
93%
Cb Cuba
90%
Eutra Gie Equatorial Guinea
83%
Asrla Australia
80%
Gray Germany
80%
Cota Croatia
77%
Bua Bhutan
73%
Eira Eritrea
73%
Taln Thailand
63%
Mlie Maldives
57%
Prua Portugal
57%
San Spain
57%
No matching quizzes found
Score Distribution
Percent of People with Each Score
Percentile by Number Answered
Your Score History
You have not taken this quiz